<?xml version="1.0" encoding="UTF-8"?>
<record
    xmlns:xsi="http://www.w3.org/2001/XMLSchema-instance"
    xsi:schemaLocation="http://www.loc.gov/MARC21/slim http://www.loc.gov/standards/marcxml/schema/MARC21slim.xsd"
    xmlns="http://www.loc.gov/MARC21/slim">

  <leader>01066aam a22003615i 4500</leader>
  <controlfield tag="001">vtls000915671</controlfield>
  <controlfield tag="003">PNM</controlfield>
  <controlfield tag="005">20210407114645.0</controlfield>
  <controlfield tag="008">201018t20202020my     g      000 f may  </controlfield>
  <datafield tag="015" ind1=" " ind2=" ">
    <subfield code="a">M20-09271</subfield>
  </datafield>
  <datafield tag="020" ind1=" " ind2=" ">
    <subfield code="a">9789672118329</subfield>
    <subfield code="q">paperback</subfield>
    <subfield code="c">RM30.00</subfield>
  </datafield>
  <datafield tag="039" ind1=" " ind2="9">
    <subfield code="a">202011061454</subfield>
    <subfield code="b">kalthom</subfield>
  </datafield>
  <datafield tag="040" ind1=" " ind2=" ">
    <subfield code="a">BNM</subfield>
    <subfield code="b">eng</subfield>
    <subfield code="c">BNM</subfield>
    <subfield code="e">rda</subfield>
    <subfield code="d">PPAK</subfield>
  </datafield>
  <datafield tag="049" ind1=" " ind2=" ">
    <subfield code="a">mal</subfield>
  </datafield>
  <datafield tag="082" ind1="0" ind2="4">
    <subfield code="a">899.2333</subfield>
    <subfield code="2">23</subfield>
  </datafield>
  <datafield tag="090" ind1="0" ind2="0">
    <subfield code="a">899.2333</subfield>
    <subfield code="b">FUR</subfield>
    <subfield code="d">G</subfield>
  </datafield>
  <datafield tag="100" ind1="0" ind2=" ">
    <subfield code="a">Furqan Fawwaz,</subfield>
    <subfield code="e">author.</subfield>
  </datafield>
  <datafield tag="245" ind1="1" ind2="0">
    <subfield code="a">LEMBARAN JUZUK CINTA /</subfield>
    <subfield code="c">FURQAN FAWWAZ, UMI ANIS ; Editor Syukery Azizan</subfield>
  </datafield>
  <datafield tag="264" ind1=" " ind2="1">
    <subfield code="a">Shah Alam, Selangor :</subfield>
    <subfield code="b">Sentap Press Sdn Bhd,</subfield>
    <subfield code="c">[2020?]</subfield>
  </datafield>
  <datafield tag="264" ind1=" " ind2="4">
    <subfield code="c">&#xA9;2020</subfield>
  </datafield>
  <datafield tag="300" ind1=" " ind2=" ">
    <subfield code="a">281 pages ;</subfield>
    <subfield code="c">21 cm</subfield>
  </datafield>
  <datafield tag="336" ind1=" " ind2=" ">
    <subfield code="a">text</subfield>
    <subfield code="2">rdacontent</subfield>
  </datafield>
  <datafield tag="337" ind1=" " ind2=" ">
    <subfield code="a">unmediated</subfield>
    <subfield code="2">rdamedia</subfield>
  </datafield>
  <datafield tag="338" ind1=" " ind2=" ">
    <subfield code="a">volume</subfield>
    <subfield code="2">rdacarrier</subfield>
  </datafield>
  <datafield tag="650" ind1="1" ind2="0">
    <subfield code="a">Malay fiction </subfield>
  </datafield>
  <datafield tag="650" ind1="2" ind2="0">
    <subfield code="a">Islamic fiction</subfield>
  </datafield>
  <datafield tag="650" ind1="2" ind2="0">
    <subfield code="a">Muslims</subfield>
    <subfield code="x">Conduct of life</subfield>
  </datafield>
  <datafield tag="650" ind1="2" ind2="0">
    <subfield code="a">Islam</subfield>
    <subfield code="x">Conduct of life</subfield>
  </datafield>
  <datafield tag="650" ind1="2" ind2="0">
    <subfield code="a">Islam</subfield>
    <subfield code="x">Customs and practices</subfield>
  </datafield>
  <datafield tag="700" ind1="0" ind2=" ">
    <subfield code="a">Umi Anis,</subfield>
    <subfield code="e">author.</subfield>
  </datafield>
  <datafield tag="700" ind1="0" ind2=" ">
    <subfield code="a">Syukery Azizan,</subfield>
    <subfield code="e">editor.</subfield>
  </datafield>
  <datafield tag="942" ind1=" " ind2=" ">
    <subfield code="2">ddc</subfield>
    <subfield code="c">B</subfield>
  </datafield>
  <datafield tag="999" ind1=" " ind2=" ">
    <subfield code="c">180791</subfield>
    <subfield code="d">180791</subfield>
  </datafield>
  <datafield tag="952" ind1=" " ind2=" ">
    <subfield code="0">0</subfield>
    <subfield code="7">0</subfield>
    <subfield code="b">PPAK</subfield>
    <subfield code="c">G</subfield>
    <subfield code="d">2021-01-24</subfield>
    <subfield code="l">4</subfield>
    <subfield code="o">899.2333 FUR</subfield>
    <subfield code="p">A01672274</subfield>
    <subfield code="r">2026-04-09 16:43:04</subfield>
    <subfield code="s">2026-02-22</subfield>
    <subfield code="y">B</subfield>
  </datafield>
  <datafield tag="952" ind1=" " ind2=" ">
    <subfield code="0">0</subfield>
    <subfield code="7">0</subfield>
    <subfield code="b">PD1</subfield>
    <subfield code="c">G</subfield>
    <subfield code="d">2021-01-24</subfield>
    <subfield code="o">899.2333 FUR</subfield>
    <subfield code="p">A01672275</subfield>
    <subfield code="r">2021-01-24 00:00:00</subfield>
    <subfield code="y">B</subfield>
  </datafield>
  <datafield tag="952" ind1=" " ind2=" ">
    <subfield code="0">0</subfield>
    <subfield code="7">0</subfield>
    <subfield code="b">KM</subfield>
    <subfield code="c">G</subfield>
    <subfield code="d">2021-01-24</subfield>
    <subfield code="l">1</subfield>
    <subfield code="o">899.2333 FUR</subfield>
    <subfield code="p">A01672276</subfield>
    <subfield code="r">2022-08-07 00:00:00</subfield>
    <subfield code="s">2022-07-17</subfield>
    <subfield code="y">B</subfield>
  </datafield>
  <datafield tag="952" ind1=" " ind2=" ">
    <subfield code="0">0</subfield>
    <subfield code="7">0</subfield>
    <subfield code="b">BL</subfield>
    <subfield code="c">G</subfield>
    <subfield code="d">2021-01-24</subfield>
    <subfield code="l">1</subfield>
    <subfield code="o">899.2333 FUR</subfield>
    <subfield code="p">A01672277</subfield>
    <subfield code="r">2022-12-31 00:00:00</subfield>
    <subfield code="s">2022-12-10</subfield>
    <subfield code="y">B</subfield>
  </datafield>
  <datafield tag="952" ind1=" " ind2=" ">
    <subfield code="0">0</subfield>
    <subfield code="7">0</subfield>
    <subfield code="b">BB</subfield>
    <subfield code="c">G</subfield>
    <subfield code="d">2021-01-24</subfield>
    <subfield code="o">899.2333 FUR</subfield>
    <subfield code="p">A01672278</subfield>
    <subfield code="r">2021-01-24 00:00:00</subfield>
    <subfield code="y">B</subfield>
  </datafield>
  <datafield tag="952" ind1=" " ind2=" ">
    <subfield code="0">0</subfield>
    <subfield code="7">0</subfield>
    <subfield code="b">MR</subfield>
    <subfield code="c">G</subfield>
    <subfield code="d">2021-01-24</subfield>
    <subfield code="l">2</subfield>
    <subfield code="o">899.2333 FUR</subfield>
    <subfield code="p">A01672279</subfield>
    <subfield code="r">2025-10-11 10:24:13</subfield>
    <subfield code="s">2025-09-20</subfield>
    <subfield code="y">B</subfield>
  </datafield>
  <datafield tag="952" ind1=" " ind2=" ">
    <subfield code="0">0</subfield>
    <subfield code="7">0</subfield>
    <subfield code="b">PPAK</subfield>
    <subfield code="c">G</subfield>
    <subfield code="d">2021-05-10</subfield>
    <subfield code="o">899.2333 FUR</subfield>
    <subfield code="p">A01689813</subfield>
    <subfield code="r">2021-05-10 00:00:00</subfield>
    <subfield code="y">B</subfield>
  </datafield>
  <datafield tag="952" ind1=" " ind2=" ">
    <subfield code="0">0</subfield>
    <subfield code="7">0</subfield>
    <subfield code="b">SP</subfield>
    <subfield code="c">G</subfield>
    <subfield code="d">2021-05-10</subfield>
    <subfield code="l">4</subfield>
    <subfield code="m">3</subfield>
    <subfield code="o">899.2333 FUR</subfield>
    <subfield code="p">A01689814</subfield>
    <subfield code="r">2024-11-10 14:02:26</subfield>
    <subfield code="s">2024-10-01</subfield>
    <subfield code="y">B</subfield>
  </datafield>
  <datafield tag="952" ind1=" " ind2=" ">
    <subfield code="0">0</subfield>
    <subfield code="7">0</subfield>
    <subfield code="b">KM</subfield>
    <subfield code="c">G</subfield>
    <subfield code="d">2021-05-10</subfield>
    <subfield code="l">1</subfield>
    <subfield code="o">899.2333 FUR</subfield>
    <subfield code="p">A01689815</subfield>
    <subfield code="r">2023-08-19 16:44:05</subfield>
    <subfield code="s">2023-07-31</subfield>
    <subfield code="y">B</subfield>
  </datafield>
  <datafield tag="952" ind1=" " ind2=" ">
    <subfield code="0">0</subfield>
    <subfield code="7">0</subfield>
    <subfield code="b">BL</subfield>
    <subfield code="c">G</subfield>
    <subfield code="d">2021-05-10</subfield>
    <subfield code="l">1</subfield>
    <subfield code="o">899.2333 FUR</subfield>
    <subfield code="p">A01689816</subfield>
    <subfield code="r">2023-10-07 11:23:55</subfield>
    <subfield code="s">2023-09-24</subfield>
    <subfield code="y">B</subfield>
  </datafield>
  <datafield tag="952" ind1=" " ind2=" ">
    <subfield code="0">0</subfield>
    <subfield code="7">0</subfield>
    <subfield code="b">BB</subfield>
    <subfield code="c">G</subfield>
    <subfield code="d">2021-05-10</subfield>
    <subfield code="l">1</subfield>
    <subfield code="o">899.2333 FUR</subfield>
    <subfield code="p">A01689817</subfield>
    <subfield code="r">2022-11-27 00:00:00</subfield>
    <subfield code="s">2022-10-12</subfield>
    <subfield code="y">B</subfield>
  </datafield>
  <datafield tag="952" ind1=" " ind2=" ">
    <subfield code="0">0</subfield>
    <subfield code="7">0</subfield>
    <subfield code="b">MR</subfield>
    <subfield code="c">G</subfield>
    <subfield code="d">2021-05-10</subfield>
    <subfield code="l">2</subfield>
    <subfield code="o">899.2333 FUR</subfield>
    <subfield code="p">A01689818</subfield>
    <subfield code="r">2023-01-14 00:00:00</subfield>
    <subfield code="s">2022-12-10</subfield>
    <subfield code="y">B</subfield>
  </datafield>
</record>
